000 00339nam a22001457a 4500
003 SGT
020 _a978-81-89798-35-2
082 _a615.538
_bA12B
100 _aBYADGI, P.S
245 _aAYURVEDIYA VIKRTI VIJNANA & ROGA VIJNANA
260 _aVARANSI
_bCHAUKHAMBHA PUB
_c2012
300 _a606
650 _aAYURVEDA
942 _2ddc
_cBK
_01
999 _c11385
_d11385